01773naa a2200193 a 450000100080000000500110000800800410001910000110006024500630007126000090013450000200014352012480016365300210141165300270143265300130145965300180147265300130149077300760150310758972011-04-25 1999 bl uuuu u00u1 u #d1 aEpagri aEspa??amento e popula????o de plantas na cultura do milho. c1999 aISSN, 0103-0779 aAfim de determinar a densidade populacional e o espa??amento entre fileiras ideais para h??bridos de milho no Oeste Catarinense, foram conduzidos dois experimentos (um com h??brido de ciclo precoce e outro com h??brido de ciclo normal) nos anos agr??colas 1995/96, 1996/97 e 1997/98, em Chapec??, SC, sobre um Latossolo roxo distr??fico. O delineamento experimental foi blocos casualizados arranjados em parcelas subdivididas, com quatro repeti????es. A parcela principal foi composta de quatro espa??amentos entre fileiras (70, 85, 100 e 115cm) e a sub-parcela de quatro densidades populacionais (30.000, 50.000, 70.000 e 90.000 plantas/ha). As popula????es de 50.000, 70.000 e 90.000 plantas/ha, de ambos os h??bridos, tiveram produtividades de gr??os semelhantes entre si e superiores a 30.000 plantas/ha. O h??brido de ciclo precoce foi mais produtivo a 70 e 85cm do que a 115cm, enquanto o h??brido de ciclo normal n??o teve diferen??a entre os espa??amentos. Os componentes de rendimento de ambos os h??bridos n??o foram afetados pelos diferentes espa??amentos utilizados. O aumento da popula????o de plantas reduziu significativamente o peso de mil gr??os, o n??mero de gr??os/espiga e o n??mero de espigas/planta em ambos os h??bridos. aArranjo espacial aDensidade populacional aH??brido aProdutividade aZea mays tAgropecu??ria Catarinense, Florian??polisgv. 12, n. 2, p. 28-31, 1999.